El ganado y sus enfermedades (Record no. 25233)

MARC details
000 -LEADER
campo de control de longitud fija 00644nam a2200193 i 4500
001 - NÚMERO DE CONTROL
campo de control 25233
003 - IDENTIFICADOR DE NÚMERO DE CONTROL
campo de control ES-MaACL
007 - CAMPO FIJO DE DESCRIPCIÓN FÍSICA--INFORMACIÓN GENERAL
campo de control de longitud fija t|
008 - DATOS DE LONGITUD FIJA--INFORMACIÓN GENERAL
campo de control de longitud fija 021223s1950 sp ||||1| spa d
100 1# - ENTRADA PRINCIPAL--NOMBRE DE PERSONA
Nombre de persona Arán, Santos.
9 (RLIN) 22237
245 13 - MENCIÓN DEL TÍTULO
Título El ganado y sus enfermedades
Resto del título : los más modernos y prácticos tratamientos preventivos y curativos /
Mención de responsabilidad, etc. por Santos Arán.
250 ## - MENCION DE EDICION
Mención de edición 4ª ed., renovada y puesta al día.
260 ## - PUBLICACIÓN, DISTRIBUCIÓN, ETC.
Lugar de publicación, distribución, etc. Madrid :
Nombre del editor, distribuidor, etc. [s.n.,
Fecha de publicación, distribución, etc. 1950] (
Fabricante Gráf. Yagües)
300 ## - DESCRIPCIÓN FÍSICA
Extensión 485 p. :
Otras características físicas il. ;
Dimensiones 22 cm.
490 1# - MENCIÓN DE SERIE
Mención de serie Biblioteca pecuaría
830 0# - PUNTO DE ACCESO ADICIONAL DE SERIE-TÍTULO UNIFORME
Título uniforme Biblioteca pecuaría
9 (RLIN) 180962
852 ## - LOCALIZACIÓN
Ubicación ES-MaACL
Número de control de estantería B-360
Sublocalización o colección R.29585
Holdings
Estatus retirado Estado de pérdida Estado de daño No para préstamo Biblioteca de origen Biblioteca actual Ubicación en estantería Fecha de adquisición Fuente de adquisición Total de préstamos Signatura topográfica completa Código de barras Visto por última vez Precio de reemplazo Tipo de ítem Koha
        Biblioteca del Ateneo de Madrid Biblioteca del Ateneo de Madrid Sala Pardo Bazán 17/01/2008     B-360 1026014 23/02/2023 23/02/2023 Libro impreso